| 000 | 02967nam a2200493 a 4500 | ||
|---|---|---|---|
| 999 |
_c202886 _d202886 |
||
| 003 | BLK | ||
| 005 | 20240429160647.0 | ||
| 008 | 180411b bul|||||r ||||||| ||bul|| | ||
| 010 | _aKNG00212378000 | ||
| 020 | _a978-619-151-394-9 | ||
| 040 | _aBLK | ||
| 041 |
_aBUL _cBUL |
||
| 072 | 7 |
_2bullib _aН37 _xОбразование. Педагогика Н |
|
| 080 |
_aОрганизация на възпитанието и образованието. Училищно дело. _b37.09 _x.015.3/.4 _z37.09.015.3/.4 |
||
| 080 |
_aОсновни отношения _b316.647 _x-053.5 _z316.647-053.5 |
||
| 080 |
_aПсихология на детската възраст. Интелектуално развитие на децата. Психически особености. Детски представи, описани в разкази _b159.922.7 _z159.922.7 |
||
| 080 |
_aЖивот и бит на учениците - Обществени проблеми. Контакти. Социално положение и среда. Ученически дружества и организации с различен характер, клубове, общежития, обичаи и традиции, униформа и д _b371.8 _z371.8 |
||
| 100 | 1 |
_aКолоросо, Барбара _eпърви автор _981594 |
|
| 139 |
_aКолоросо, Барбара _bК 79 |
||
| 245 | 1 | 0 |
_aТормоз в училище _bНасилникът, жертвата и наблюдателят : 100 начини да защитите детето си _cБарбара Колоросо; прев. Весела Ангелова. |
| 257 | _aBGR | ||
| 260 |
_bСофтПрес _c2017 _fДобрич : ФолиАрт |
||
| 300 |
_a368 с. _c20 см |
||
| 380 | _a3 | ||
| 500 | _aОриг. загл. The Bully, the Bullied, and the Bystander / Barbara Coloroso. - Съдържа и за авт. - Термини от интернет и социалните медии ; Азб. показалец. - Библиогр. с. 357-359. | ||
| 650 | 4 |
_aАгресия - при децата _9259475 |
|
| 650 | 4 |
_aУчилища - социологически проблеми _9272383 |
|
| 650 | 4 |
_aДетска и педагогическа психология _9244538 |
|
| 650 | 4 |
_aНасилие - психологични проблеми _9273786 |
|
| 650 | 4 |
_aУченици - социални проблеми _9312000 |
|
| 653 | _aнасилие над деца | ||
| 653 | _aагресивност | ||
| 653 | _aдетска психология | ||
| 653 | _aпедагогическа психология | ||
| 659 | _aН | ||
| 700 | 1 |
_aАнгелова, Весела _eпрев. _9372689 |
|
| 852 | _aЦб 287174 | ||
| 856 | 4 | _qpdf | |
| 856 | 4 | _qpdf | |
| 942 |
_cKNG _n0 _022 |
||
| 944 |
_aCR _c19.09.2017 _lМинев Младен _k30530 |
||
| 944 |
_aED _c27.09.2017 _lф / _kЛюдмила_Стоянова |
||
| 999 | _d202886 | ||